La restauración ecológica en Colombia : (Registro nro. 8570)

Detalles MARC
000 -CABECERA
Campo de control 01303nam a22002657a 4500
005 - FECHA Y HORA DE LA ULTIMA TRANSACCION
Campo de control 20150508102058.0
008 - ELEMENTOS DE LONGITUD FIJA—INFORMACION GENERAL
Campo de control 111014s2014 io a gr 00010 spa d
020 ## - ISBN
ISBN 9786021504352
040 ## - FUENTE DE CATALOGACIÓN
Agencia catalogadora original CO-BoIAVH
Agencia transcriptora CO-BoIAVH
041 0# - IDIOMA
Código de idioma para texto/pista de sonido o título separado Español
082 04 - NUMERO DE CLASIFICACION DECIMAL DEWEY
Número de clasificación 577.309
Número del ítem M97r
100 1# - ASIENTO PRINCIPAL--NOMBRE PERSONAL
Nombre personal Murcia, Carolina
245 13 - MENCION DE TITULO
Título La restauración ecológica en Colombia :
Parte restante del título tendencias, necesidades y oportunidades
260 ## - PUBLICACION, DISTRIBUCION, ETC. (PIE DE IMPRENTA)
Lugar de publicación, distribución, etc. Bogor, Indonesia:
Nombre del editor, distribuidor, etc. Universidad Nacional de Colombia. Facultad de Ciencias Departamento de Biología;
-- Alcadía Mayor de Bogotá. Secretaría Distrital de Ambiente ;
-- Empresa de Acueducto y Alcantarillado de Bogotá ;
-- Centro para la Investigación Forestal Internacional - CIFOR,
Fecha de publicación, distribución, etc. 2014.
300 ## - DESCRIPCION FISICA
Extensión 86 p. :
Otros detalles físicos gráficas
Dimensiones 28 cm.
490 ## - MENCION DE SERIE
Mención de serie Documentos ocasionales
Designación numérica/secuencial del volumen 107
504 ## - NOTA DE BIBLIOGRAFIA, ETC.
Nota de bibliografía Incluye referencias bibliográficas (pag. 53-56) y apéndices
650 #4 - ASIENTO SECUNDARIO DE MATERIA - TERMINO TEMATICO
Término temático o nombre geográfico como elemento de entrada Ecología de páramos
Subdivisión geográfica Embalse de Chisacá (Cundinamarca, Colombia)
Subdivisión cronológica Colombia
650 ## - ASIENTO SECUNDARIO DE MATERIA - TERMINO TEMATICO
Término temático o nombre geográfico como elemento de entrada Ecología forestal
Subdivisión geográfica Colombia
650 ## - ASIENTO SECUNDARIO DE MATERIA - TERMINO TEMATICO
Término temático o nombre geográfico como elemento de entrada Ecología de embalses
Subdivisión geográfica Embalse de Chisacá (Cundinamarca, Colombia)
650 ## - ASIENTO SECUNDARIO DE MATERIA - TERMINO TEMATICO
Término temático o nombre geográfico como elemento de entrada Reforestación
Subdivisión geográfica Colombia
650 #4 - ASIENTO SECUNDARIO DE MATERIA - TERMINO TEMATICO
Término temático o nombre geográfico como elemento de entrada Semillas
Subdivisión geográfica Embalse de Chisacá (Cundinamarca, Colombia)
700 1# - ASIENTO SECUNDARIO - NOMBRE PERSONAL
Nombre personal Guariguata, Manuel
942 ## - ELEMENTOS ADICIONALES (KOHA)
Sistema de clasificación Dewey Decimal Classification
Tipo de ítem Libro
Existencias
Withdrawn status Lost status Sistema de Clasificación Damaged status No para préstamo Colección Inventariado Ubicación Permanente Ubicación actual Fecha de adquisición Fuente de Valor Valor Total Checkouts Número topográfico Inventario / Código de Barras Date last seen Ejemplar Price effective from Forma de adquisición Tipo de material
    Dewey Decimal Classification     General Inventariado 2017 Bogotá Bogotá 30/07/2014 Instituto 39000.00   LB-577.309 M97r 038258 30/07/2014 Ej. 1 30/07/2014   Libro
    Dewey Decimal Classification     General Inventariado 2017 Sala Fabio Quevedo Sala Fabio Quevedo 17/06/2015 Instituto 39000.00   LB-577.309 M97r 039075 01/07/2015 Ej. 2 17/06/2015   Libro